<?xml version="1.0" encoding="utf-8"?>
<?xml-stylesheet type='text/xsl' href='./oai2.xsl'?>
<OAI-PMH xmlns="http://www.openarchives.org/OAI/2.0/" xmlns:xsi="http://www.w3.org/2001/XMLSchema-instance" xsi:schemaLocation="http://www.openarchives.org/OAI/2.0/ http://www.openarchives.org/OAI/2.0/OAI-PMH.xsd">
  <responseDate>2026-06-01T03:05:08Z</responseDate>
  <request verb="GetRecord" metadataPrefix="marcxml" identifier="record_kuniweb_26331">https://kulturerbe.niedersachsen.de/oai</request>
  <GetRecord>
    <record>
      <header>
        <identifier>record_kuniweb_26331</identifier>
        <datestamp>2025-08-28T09:38:22Z</datestamp>
        <setSpec>slg0183</setSpec>
      </header>
      <metadata>
        <marc:record xmlns:marc="http://www.loc.gov/MARC21/slim" xsi:schemaLocation="http://www.loc.gov/MARC21/slim http://www.loc.gov/standards/marcxml/schema/MARC21slim.xsd">
          <marc:leader>12345nkm  22     uu 4500</marc:leader>
          <marc:controlfield tag="001">26331</marc:controlfield>
          <marc:controlfield tag="003">http://kuniweb.gbv.de</marc:controlfield>
          <marc:controlfield tag="005">2023-08-22T13:24:23</marc:controlfield>
          <marc:controlfield tag="008">|           ||||||||||||||||||||||</marc:controlfield>
          <marc:datafield tag="245" ind1="1" ind2="0">
            <marc:subfield code="a">Bildnis A. L. Nimsen, geb. Helmcke (Braunschweig 1731 - 1796 Salzgitter)</marc:subfield>
          </marc:datafield>
          <marc:datafield tag="720" ind1=" " ind2=" ">
            <marc:subfield code="a">A.H.U. De Lamare</marc:subfield>
          </marc:datafield>
          <marc:datafield tag="655" ind1=" " ind2="7">
            <marc:subfield code="a">Malerei</marc:subfield>
          </marc:datafield>
          <marc:datafield tag="046" ind1=" " ind2=" ">
            <marc:subfield code="k">1780</marc:subfield>
            <marc:subfield code="k">Ende 18. Jahrhundert</marc:subfield>
            <marc:subfield code="l">1800</marc:subfield>
          </marc:datafield>
          <marc:datafield tag="260" ind1=" " ind2=" ">
            <marc:subfield code="g">1780</marc:subfield>
            <marc:subfield code="g">1800</marc:subfield>
            <marc:subfield code="g">Ende 18. Jahrhundert</marc:subfield>
          </marc:datafield>
          <marc:datafield tag="300" ind1=" " ind2=" ">
            <marc:subfield code="a">Höhe: 15 cm (Rahmen)
Breite: 12,5 cm (Rahmen)
Tiefe: 2 cm (Rahmen)</marc:subfield>
          </marc:datafield>
          <marc:datafield tag="520" ind1=" " ind2=" ">
            <marc:subfield code="a">Hochovales Portrait im Profil nach der linken Seite der A. L. Nimsen, geb. Helmcke aus Braunschweig: Die Dargestellte trägt ein rot-braun gestreiftes Kleid, weißes Tuch, aufwändige Haube.
Der Hintergrund der Darstellung ist monochrom olivgrün.
Das Bild befindet sich unter Glas in einem ovalen Holzrahmen, dessen Front mit einem geprägten Messingblech belegt ist. (Städtisches Museum Braunschweig)

Aufschrift:
"A. L. Nimsen // geborne Helmcke aus Braun // 1731, gest. Salzgitter 30. Aug. 179... // alt 65 Jahr // Gemalt von A. H. U. Delamare." (in Schwarz auf der Rahmenrückseite)

Verwendungszweck:
Kunst

Maßstab: 0 zu 0

Literatur in Zusammenhang:
L. R. Schidlof, „A - L. La miniature en Europe, aux 16e, 17e, 18e et 19e siècles ; Vol. 1“. Akad. Dr.- u. Verl.-Anst., Graz, 1964.

Literatur in Zusammenhang:
H. Blättel, „International dictionary miniature painters, porcelain painters, silhouettists = Internationales Lexikon Miniatur-Maler, Porzellan-Maler, Silhouettisten = Dictionnaire international peintres miniaturistes, peintres sur porcelaine, silhouettistes. Internationales Lexikon Miniatur-Maler, Porzellan-Maler, Silhouettisten“. Arts &amp; Antiques Ed. Munich, München, 1992.</marc:subfield>
          </marc:datafield>
          <marc:datafield tag="500" ind1=" " ind2=" ">
            <marc:subfield code="a">Kauf

1904</marc:subfield>
          </marc:datafield>
          <marc:datafield tag="650" ind1="1" ind2=" ">
            <marc:subfield code="a">Kunstwerk</marc:subfield>
          </marc:datafield>
          <marc:datafield tag="650" ind1="1" ind2=" ">
            <marc:subfield code="a">Malerei &gt; Miniatur</marc:subfield>
          </marc:datafield>
          <marc:datafield tag="650" ind1="1" ind2=" ">
            <marc:subfield code="a">Bildwerke/Bildende Kunst</marc:subfield>
          </marc:datafield>
          <marc:datafield tag="773" ind1="0" ind2=" ">
            <marc:subfield code="t">Sammlung Malerei</marc:subfield>
          </marc:datafield>
          <marc:datafield tag="852" ind1=" " ind2=" ">
            <marc:subfield code="a">Städtisches Museum Braunschweig</marc:subfield>
          </marc:datafield>
          <marc:datafield tag="852" ind1=" " ind2=" ">
            <marc:subfield code="a">Braunschweig</marc:subfield>
          </marc:datafield>
          <marc:datafield tag="" ind1=" " ind2=" ">
            <marc:subfield code="a">Namensnennung - Nicht kommerziell - Keine Bearbeitungen 4.0 International (CC BY-NC-ND 4.0)</marc:subfield>
          </marc:datafield>
        </marc:record>
      </metadata>
    </record>
  </GetRecord>
</OAI-PMH>
